000
00367nam a22001337a 4500
082
_a
347.5 TAR
100
_a
Tariq, Bashir
245
_a
Law of Notices:
_b
(With Model Forms) /
_c
Bashir Tariq
260
_a
Lahore :
_b
Law Book Land,
_c
2020.
300
_a
973 p. ;
_c
24 cm.
942
_2
ddc
_c
BK
999
_c
587102
_d
587102